|
|
|
|
| LEADER |
00988ncm#a22002775a#4500 |
| 001 |
018584 |
| 005 |
20160707154526.0 |
| 008 |
070412s1968####pl#syb#f############pol#d |
| 082 |
0 |
4 |
|a 784.184
|2 21
|
| 100 |
1 |
|
|a Lutoslawski, Witold
|d 1913-1994
|
| 245 |
0 |
2 |
|a II symfonia =
|b 2nd symphony = 2. sinfonie = IIe symphonie
|c Witold Lutoslawski.
|
| 254 |
|
|
|a Partitura.
|
| 260 |
|
|
|a Kraków :
|b PWM,
|c c1968.
|
| 300 |
|
|
|a 1 partitura (88 p.) ;
|c 33 cm.
|
| 500 |
|
|
|a Duración: aprox. 30 min.
|
| 500 |
|
|
|a Para 3 flautas, 3 oboes, 3 clarinetes en si bemol, 3 fagot, 3 trombas en do, 3 trombones en fa, tuba e instrumentos de percusión.
|
| 546 |
|
|
|a Texto en polaco con traducción al francés
|
| 942 |
|
|
|c PAR
|n 0
|
| 650 |
|
7 |
|a Música
|2 Spines
|
| 651 |
|
7 |
|a Polonia
|2 Spines
|
| 653 |
|
|
|a Música contemporánea
|
| 653 |
|
|
|a Partituras
|
| 653 |
|
|
|a Sinfonías
|
| 653 |
|
|
|a Siglo XX
|
| 929 |
|
|
|a DONACION
|b Fundación Gaudeamus
|d 0
|e 20041130
|f PAT0018842
|g Exp. 827-0387/98
|j 39952
|
| 999 |
|
|
|c 185
|d 75572
|